|
|
|
|
| LEADER |
00984nam a2200253 a 4500 |
| 001 |
782024 |
| 008 |
090915s1982 enka 000 0 eng d |
| 020 |
|
|
|a 0198284640
|
| 040 |
|
|
|a MH-L
|c MH-L
|d MH-L
|d CtY
|
| 082 |
0 |
0 |
|a 305.23/09172/4
|2 19
|
| 100 |
1 |
|
|a Grant, James P.
|
| 245 |
0 |
4 |
|a The state of the world's children, 1982-83 /
|c James P. Grant.
|
| 260 |
|
|
|a Oxford ;
|a New York :
|b Oxford University Press,
|c c1982.
|
| 300 |
|
|
|a 131 p. :
|b ill., map ;
|c 20 cm.
|
| 500 |
|
|
|a "Published for UNICEF."
|
| 541 |
1 |
|
|e 00000714
|
| 650 |
|
0 |
|a Children
|z Developing countries.
|
| 650 |
|
0 |
|a Malnutrition
|z Burkina Faso.
|
| 650 |
|
0 |
|a Child welfare
|z Developing countries.
|
| 650 |
|
0 |
|a Child welfare.
|
| 710 |
2 |
|
|a UNICEF.
|
| 852 |
4 |
|
|a Ayesha Abed Library
|j General shelf
|
| 999 |
|
|
|c 4045
|d 4045
|
| 952 |
|
|
|0 0
|1 0
|2 ddc
|4 0
|6 305_230917240000000_GRA_1982
|7 0
|9 3724
|a BRACUL
|b BRACUL
|c GEN
|d 2009-10-03
|g 0.00
|l 0
|o 305.23091724 GRA
|p 3010000714
|r 2009-10-03
|t 1
|w 2009-10-03
|y BK
|x No price found in the accession register.
|